00414nam a2200157Ia 4500003000400000008004100004040001600045082001300061100001700074245005600091260004000147300001000187650000900197650003500206650001500241GCL140319s9999 xx 000 0 eng d aGCL / cGCL04a703bL P1 aLEVY, MERVYN10aTHE PACKET DICTIONARY OF ART TERMS / cLEVY, MERVYN a[S.N] : bGRAPHIC SOCIETY ، c1962 a121 P04aARTS04aENCYCLOPEDIAS AND DICTIONARIES04aART, TERMS